| 000 | 00728nam a2200241Ia 4500 | ||
|---|---|---|---|
| 003 | OSt | ||
| 005 | 20221005120312.0 | ||
| 006 | a|||||r|||| 00| 0 | ||
| 007 | ta | ||
| 008 | 221004b |||||||| |||| 00| 0 eng d | ||
| 024 | _a66619 | ||
| 037 | _cTextual | ||
| 040 |
_aCRL _cCRL _beng |
||
| 041 |
_2eng _aeng |
||
| 082 | _aV52:8-19:N43<-N39, 121J4.1-.2-.4-.5 | ||
| 110 |
_aItaly, Affairs Esteri (Ministere Degli-) _9628951 |
||
| 245 | 0 |
_aDocumenti diplomatici Italiani _b Nona series, 1939-1943 |
|
| 260 | _c1954 | ||
| 650 | _aHISTORY | ||
| 700 |
_aItaly, Affairs Esteri (Ministere Degli-) _9628952 |
||
| 942 |
_hV52:8-19:N43<-N39, 121J4.1-.2-.4-.5 _cTEXL _2cc |
||
| 999 |
_c1037595 _d1037595 |
||